000 01148nam a2200349 i 4500
999 _c627
_d627
001 020527139
003 UkOxU
005 20190904144705.0
008 151123t20162015enkaf b 000|0beng|d
015 _aGBB601514
_2bnb
020 _a9780753555644
_qpaperback
035 _a(Uk)017693086
040 _aStDuBDS
_beng
_erda
_cStDuBDS
_dUkOxU
082 0 4 _a338 VAN
_223
100 1 _aVance, Ashlee,
_eauthor.
245 1 0 _aElon Musk :
_bhow the billionaire CEO of SpaceX and Tesla is shaping our future /
_cAshlee Vance.
264 1 _aLondon :
_bVirgin Books,
_c2016.
264 4 _c©2015
300 _a392 pages, 16 unnumbered pages of plates :
_billustrations ;
_c20 cm
336 _atext
_2rdacontent
337 _aunmediated
_2rdamedia
338 _avolume
_2rdacarrier
500 _aOriginally published: 2015.
504 _aIncludes bibliographical references.
600 1 0 _aMusk, Elon.
650 0 _aBusinesspeople
_zUnited States
_vBiography.
650 0 _aBusinesspeople
_zSouth Africa
_vBiography.
650 0 _aEntrepreneurship.
942 _2ddc
_cNFIC